000 01183nam a2200313 a 4500
001 ebr10392333
003 CaPaEBR
006 m u
007 cr cn|||||||||
008 100629s2011 mauad s 001 0 eng d
010 _z 2010926273
020 _z9781435457669
020 _z1435457668
020 _z1435457676
020 _z9781435457676 (e-book)
040 _aCaPaEBR
_cCaPaEBR
035 _a(OCoLC)650826845
050 1 4 _aTR267
_b.B87 2011eb
100 1 _aBusch, David D.
245 1 0 _aDavid Busch's Canon EOS Rebel T2i/550D
_h[electronic resource] :
_bguide to digital SLR photography /
_cDavid D. Busch.
260 _aBoston, Mass. :
_bCourse Technology PTR,
_cc2011.
300 _axviii, 359 p. :
_bill.
500 _aIncludes index.
533 _aElectronic reproduction.
_bPalo Alto, Calif. :
_cebrary,
_d2010.
_nAvailable via World Wide Web.
_nAccess may be limited to ebrary affiliated libraries.
650 0 _aPhotography
_xDigital techniques.
655 7 _aElectronic books.
_2local
710 2 _aebrary, Inc.
856 4 0 _uhttp://site.ebrary.com/lib/rucke/Doc?id=10392333
_zAn electronic book accessible through the World Wide Web; click to view
999 _c90365
_d90365